000 00493nam a2200181Ia 4500
001 23373
005 20260414150933.0
008 260414t2007||||xx |||||||||||||| ||spa||
041 _aESP
082 _a629.892
_bR93
100 _aRuiz-Velasco Sánchez, Enrique
_eAUT
245 0 _aEducatrónica :
_binnovación en el aprendizaje de las ciencias y la tecnología
260 _c2007
300 _axx, 396 páginas :
_c24 cm.
650 _aCNM
654 _aCCN
942 _cLIB
_dJUS
_fJUS
_2ddc
_n
999 _c23373
_d23373